RLCS 24 Circuit winning teams - Statistics

General Stats
  • This quiz has been taken 33 times
  • The average score is 37 of 45
Answer Stats
Tournament Team % Correct
NA Open Qualifier 1 G2
100%
EU Open Qualifier 1 Karmine Corp
100%
MENA Open Qualifier 1 Falcons
93%
MENA Open Qualifier 2 Falcons
93%
NA Open Qualifier 2 G2
93%
NA Open Qualifier 3 Gen.G
93%
Major 1 Gentle Mates
93%
EU Open Qualifier 2 Karmine Corp
93%
EU Open Qualifier 3 Karmine Corp
93%
OCE Open Qualifier 1 PWR
93%
OCE Open Qualifier 2 PWR
93%
MENA Open Qualifier 3 Falcons
90%
SAM Open Qualifier 2 Furia
90%
SAM Open Qualifier 3 Furia
90%
MENA Open Qualifier 4 Falcons
86%
SAM Open Qualifier 4 Furia
86%
NA Open Qualifier 4 Gen.G
86%
SSA Open Qualifier 1 Limitless
86%
SSA Open Qualifier 2 Limitless
86%
OCE Open Qualifier 4 PWR
86%
EU Open Qualifier 4 Vitality
86%
SAM Open Qualifier 1 Complexity
83%
NA Open Qualifier 5 G2
83%
NA Open Qualifier 6 G2
83%
SSA Open Qualifier 3 Limitless
83%
OCE Open Qualifier 3 PWR
83%
EU Open Qualifier 5 BDS
79%
Finals BDS
79%
MENA Open Qualifier 5 Falcons
79%
MENA Open Qualifier 6 Falcons
79%
Major 2 G2
79%
OCE Open Qualifier 5 PWR
79%
EU Open Qualifier 6 BDS
76%
APAC Open Qualifier 1 Elevate
76%
APAC Open Qualifier 2 Gaimin Gladiators
76%
OCE Open Qualifier 6 PWR
76%
APAC Open Qualifier 3 Elevate
72%
APAC Open Qualifier 4 Elevate
72%
APAC Open Qualifier 5 Gaimin Gladiators
72%
APAC Open Qualifier 6 Gaimin Gladiators
72%
SSA Open Qualifier 4 Team Mobula
66%
SSA Open Qualifier 5 Team Mobula
66%
SSA Open Qualifier 6 Team Mobula
66%
SAM Open Qualifier 6 Team Secret
62%
SAM Open Qualifier 5 Ninjas in Pyjamas
52%
No matching quizzes found
Score Distribution
Percent of People with Each Score
Percentile by Number Answered
Your Score History
You have not taken this quiz